000 00538nam a2200181Ia 4500
003 GCL
008 140319s9999 xx 000 0 ara d
040 _aGCL /
_cGCL
082 0 4 _a823.03
_bهـ و
100 1 _aبديع حقى
245 1 0 _aولاتذال الشمس تشرق /
_cبديع حقى
700 1 _aهمنجواى، ارنست
490 _a
650 0 4 _aالادب الامريكى
650 0 4 _aالقصص الامريكية المترجمة
650 0 4 _aالادب الامريكى المترجم
942 _2ddc
_cBK
999 _c39153
_d39153